1301 1532 1442 1641 1914 1108 1211 1366 1114 1513 1220 1710 1061 1290 1859 1593 1913 1809 1983 1192 1124 1201 1250 1012 1617 1237 1961 1872 1716 1875 1814 1736 1594 1080 1993 1472 1574 1453 1240 1190 1991 1694 1374 1974 1728 1665 1316 1267 1945 1486 1622 1054 1632 1020 1973 1730 1639 1915 1990 1102 1737 1258 1168 1963 1875 1049 1407 1692 1611 1912 1923 1545 1064 1574 1347 1771 1445 1136 1555 1726 1548 1925 1880 1994 1328 1072 1546 1813 1076 1665 1063 1508 1464 1121 1743 1448 1622 1245 1989 BCNSPRNW ULIB Ver.6.0+V

เปลี่ยนเป็นภาษาไทย

Change to English
 แสดงรายละเอียดบรรณานุกรม
  กลับหน้าหลัก

Brief Record : Get Marc (ISO 2709) : E-mail record : QR code < ปิดหน้าต่าง
LEADER : 00000nam 2200000uu 4500
001    13399129088
003     ULIB
008    250716s2567||||th 000 0 tha d
020    ^a9786166163308
050  4 ^aBF128^bก63จ
100 0  ^aกานดา จันทร์แย้ม
245 1  ^aจิตวิทยาทั่วไป /^cกานดา จันทร์แย้ม
246    ^aGeneral psychology
250    ^aพิมพ์ครั้งที่ 2.
260    ^aกรุงเทพฯ :^bโอ. เอส. พริ้นติ้ง เฮ้าส์,^c2567
260    ^aกรุงเทพฯ :^bโอ.เอส.พริ้นติ้ง,^c2568
300    ^a237 หน้า :^bภาพประกอบ
505 0  ^aปัจจัยพื้นฐานชีวภาพของมนุษย์ -- พัฒนาการ -- การรับรู้ -- แรงจูงใจ -- การเรียนรู้ -- บุคลิกภาพ -- สุขภาพจิต.
505 2  ^aปัจจัยพื้นฐานชีวภาพของมนุษย์--พัฒนาการ--การรับรู้--แรงจูงใจ--การเรียนรู้
505 2  ^a^tความเป็นมาของจิตวิทยา -- ^tปัจจัยพื้นฐานชีวภาพของมนุษย์ -- ^tพัฒนาการ -- ^tการรับรู้ -- ^tแรงจูงใจ -- ^tแนวคิดทฤษฎีแรงจูงใจ -- ^tแรงจูงใจปฐมภูมิ -- ^tแรงจูงใจทุติยภูมิ -- ^tแนวคิดทฤษฎีแรงจูงใจ -- ^tแรงจูงใจทัศนะจิตวิเคราะห์ -- ^tแรงจูงใจในทัศนะมนุษย์นิยม -- ^tแรงจูงใจในทัศนะพฤติกรรมนิยม -- ^tแรงจูงใจในทัศนะทฤษฎีปัญญาสังคม -- ^tการเรียนรู้ --- ^tความหมายของการเรียนรู้ -- ^tทฤษฎีการเรียนรู้ -- ^tทฤษฎีการเชื่อมโยงของธอร์นไดค์ -- ^tทฤษฎีการวางเงื่อนไขแบบคลาสิค -- ^tทฤษฎีการเรียนรู้แบบการวางเงื่อนไขปฏิบัติการ -- ^tการเรียนรู้ทางสังคมและการวางเงื่อนไขแบบปฏิบัติการ -- ^tการเรียนรู้โดยการใช้ความคิดความเข้าใจ -- ^tทฤษฎีกลุ่มปัญญาสังคม -- ^tบุคลิกภาพ -- ^tทฤษฎีบุคลิกภาพ -- ^tทฤษฎีบุคลิกภาพกลุ่มจิตวิเคราะห์ -- ^tทฤษฎีบุคลิกภาพของฟรอยด์ -- ^tทฤษฎีบุคลิกภาพของ คาร์ล จุง -- ^tทฤษฎีบุคลิกภาพของอัลเฟรต แอคเลอร์ -- ^tทฤษฎีบุคลิกภาพของคาร์เรน ฮอร์เนย์ -- ^tทฤษฎีกลุ่มพฤติกรรมนิยมหรือการเรียนรู้ทางสังคม -- ^tทฤษฎีของดอลลาร์ค และมิลเลอร์ -- ^tทฤษฎีของอัลเบิร์ต แบนด฿รา -- ^tทฤษฎีคุณลักษณะ -- ^tทฤษฎีบุคลิกภาพ 5 องค์ประกอบ -- ^tสุขภาพจิต
650  7 ^aจิตวิทยา
650  7 ^aจิตวิทยา
650  7 ^aจิตวิทยาการเรียนรู้
650  7 ^aพฤติกรรมมนุษย์.
650  7 ^aสุขภาพจิต.
653    ^aคณะศึกษาศาสตร์^aสาขาวิชาจิตวิทยาการให้คำปรึกษา.
658    ^aหลักสูตรศิลปศาสตรบัณฑิต สาขาวิชาจิตวิทยา
945    ^p350^l0^i011817
945    ^p350^l0^i011819
945    ^p350^l0^i011820
945    ^p350^l0^i011821
945    ^p350^l0^i011822
999    ^aประนอม เกษจรัล
รายการนี้ยังไม่มีแท็ก
คุณยังไม่ได้ล็อกอิน คุณสามารถมีกิจกรรมร่วมกับเว็บไซต์ได้ แต่ต้องล็อกอินก่อน ::
  ล็อกอิน

รายการสื่อสารสนเทศ

ลำดับที่ ประเภท เลขเรียก/บาร์โค้ด สถานที่ สถานะ
1. การศึกษาทั่วไป
หนังสือสำรอง
สถานะ=หนังสือสำรอง
BF128 ก63จ ฉ.1 
  Barcode: 011817
ห้องสมุดวิทยาเขตสวรรค์ประชารักษ์
►หนังสือทั่วไป
บนชั้น
2. การศึกษาทั่วไป
การศึกษาทั่วไป
BF128 ก63จ ฉ.2 
  Barcode: 011819
ห้องสมุดวิทยาเขตสวรรค์ประชารักษ์
►หนังสือทั่วไป
บนชั้น
3. การศึกษาทั่วไป
การศึกษาทั่วไป
BF128 ก63จ ฉ.3 
  Barcode: 011820
ห้องสมุดวิทยาเขตสวรรค์ประชารักษ์
►หนังสือทั่วไป
บนชั้น
4. การศึกษาทั่วไป
การศึกษาทั่วไป
BF128 ก63จ ฉ.4 
  Barcode: 011821
ห้องสมุดวิทยาเขตสวรรค์ประชารักษ์
►หนังสือทั่วไป
บนชั้น
5. การศึกษาทั่วไป
การศึกษาทั่วไป
BF128 ก63จ ฉ.5 
  Barcode: 011822
ห้องสมุดวิทยาเขตสวรรค์ประชารักษ์
►หนังสือทั่วไป
บนชั้น

รายการใกล้เคียง
    หัวเรื่อง [จิตวิทยา]
    หัวเรื่อง [จิตวิทยา]
    หัวเรื่อง [จิตวิทยาการเรียนรู้]
    หัวเรื่อง [พฤติกรรมมนุษย์.]
    หัวเรื่อง [สุขภาพจิต.]

BibComment


ยังไม่เคยถูกคอมเมนท์

คอมเมนท์ทรัพยากรรายการนี้
  คอมเมนท์: จิตวิทยาทั่วไป ..


 Copyright 2026. Bcnsprnw @Library